José Hierro (Record no. 8522)
[ view plain ]
| 000 -LEADER | |
|---|---|
| campo de control de longitud fija | 01014nam a2200277 i 4500 |
| 001 - NÚMERO DE CONTROL | |
| campo de control | 8522 |
| 003 - IDENTIFICADOR DE NÚMERO DE CONTROL | |
| campo de control | ES-MaACL |
| 005 - FECHA Y HORA DE LA ÚLTIMA TRANSACCIÓN | |
| campo de control | 20240509102003.0 |
| 007 - CAMPO FIJO DE DESCRIPCIÓN FÍSICA--INFORMACIÓN GENERAL | |
| campo de control de longitud fija | t| |
| 008 - DATOS DE LONGITUD FIJA--INFORMACIÓN GENERAL | |
| campo de control de longitud fija | 920710s1991 sp ||||1| spa d |
| 020 ## - NÚMERO INTERNACIONAL ESTÁNDAR DEL LIBRO | |
| Número Internacional Estándar del Libro | 84-7658-306-0 |
| 080 ## - NÚMERO DE LA CLASIFICACIÓN DECIMAL UNIVERSAL | |
| Número de la Clasificación Decimal Universal | 86(Hierro,J.1.06) |
| 245 00 - MENCIÓN DEL TÍTULO | |
| Título | José Hierro |
| Resto del título | : Premio Nacional de las Letras Españolas 1990 / |
| Mención de responsabilidad, etc. | [Dónoan... et al.]. |
| 250 ## - MENCION DE EDICION | |
| Mención de edición | [1ª ed.]. |
| 260 ## - PUBLICACIÓN, DISTRIBUCIÓN, ETC. | |
| Lugar de publicación, distribución, etc. | Barcelona : |
| Nombre del editor, distribuidor, etc. | Anthropos ; |
| Lugar de publicación, distribución, etc. | Madrid : |
| Nombre del editor, distribuidor, etc. | Ministerio de Cultura, Centro de las Letras Españolas, |
| Fecha de publicación, distribución, etc. | 1991. |
| 300 ## - DESCRIPCIÓN FÍSICA | |
| Extensión | 134 p. : |
| Otras características físicas | il. ; |
| Dimensiones | 20 cm. |
| 490 1# - MENCIÓN DE SERIE | |
| Mención de serie | Ambitos literarios. Premios nacionales de las letras españolas ; |
| Designación de volumen o secuencia | 7 |
| 504 ## - NOTA DE BIBLIOGRAFÍA, ETC. | |
| Nota de bibliografía, etc. | Bibliogr.: p. 133-137. |
| 600 17 - PUNTO DE ACCESO ADICIONAL DE MATERIA--NOMBRE DE PERSONA | |
| Nombre de persona | Hierro, José, |
| Fechas asociadas al nombre | 1922-2002 |
| Fuente del encabezamiento o término | embne |
| 9 (RLIN) | 63619 |
| 700 1# - ENTRADA AGREGADA--NOMBRE PERSONAL | |
| Nombre de persona | Dónoan. |
| 9 (RLIN) | 45331 |
| 710 1# - ENTRADA AGREGADA--NOMBRE DE ENTIDAD CORPORATIVA | |
| Nombre de entidad corporativa o nombre de jurisdicción como elemento de entrada | Centro de las Letras Españolas. |
| 9 (RLIN) | 2712 |
| 830 0# - PUNTO DE ACCESO ADICIONAL DE SERIE-TÍTULO UNIFORME | |
| Título uniforme | Ambitos literarios. |
| Nombre de parte o sección de la obra | Premios nacionales de las letras españolas ; |
| Designación de volumen o secuencia | 7 |
| 9 (RLIN) | 177491 |
| 852 ## - LOCALIZACIÓN | |
| Ubicación | ES-MaACL |
| Número de control de estantería | L-15963 |
| Sublocalización o colección | R.119891 |
| 942 ## - ELEMENTOS DE ENTRADA SECUNDARIOS (KOHA) | |
| Fuente del sistema de clasificación o colocación | Clasificación decimal universal |
| Estatus retirado | Estado de pérdida | Estado de daño | No para préstamo | Biblioteca de origen | Biblioteca actual | Ubicación en estantería | Fecha de adquisición | Fuente de adquisición | Total de préstamos | Signatura topográfica completa | Código de barras | Visto por última vez | Precio de reemplazo | Tipo de ítem Koha |
|---|---|---|---|---|---|---|---|---|---|---|---|---|---|---|
| Biblioteca del Ateneo de Madrid | Biblioteca del Ateneo de Madrid | Depósito 2 | 17/01/2008 | L-15963 | 1008705 | 23/02/2023 | 23/02/2023 | Libro impreso |
